Normal view MARC view
  • Ṣābir, Ayyūb,

Entry Personal Name

Number of records used in: 5

001 - CONTROL NUMBER

  • control field: 97

003 - CONTROL NUMBER IDENTIFIER

  • control field: Nust

005 - DATE AND TIME OF LATEST TRANSACTION

  • control field: 20170505174159.0

008 - FIXED-LENGTH DATA ELEMENTS

  • fixed length control field: 170505|| aca||aabn | a|a d

040 ## - CATALOGING SOURCE

  • Original cataloging agency: Nust
  • Transcribing agency: Nust

100 ## - HEADING--PERSONAL NAME

  • Personal name: Ṣābir, Ayyūb,
  • Dates associated with a name: 1940-

670 ## - SOURCE DATA FOUND

  • Source citation: Work cat.: (Nust)0: Allama Iqbal Open University (Pakistan) 95, ʻAllāmah Iqbāl kā taṣavvur-i ijtihād :, 2008.
© 2023 Central Library, National University of Sciences and Technology. All Rights Reserved.